Sports Quiz

Random Sports or Golf Quiz

ESPY Winners Quiz Stats

 Plays Quiz Updated Dec 23, 2018

Score 0/108 Timer 08:00
3 Plays Today
Category Winner % Correct
Best Male AthleteTiger Woods & Ken Griffey, Jr.
94.9%
Best Male AthleteTiger Woods
94.5%
Best Male AthleteTiger Woods
94.5%
Best Male AthleteTiger Woods
94.5%
Best Male AthleteTiger Woods
94.5%
Best Breakthrough AthleteTiger Woods
94.5%
Best Male AthleteLeBron James
90.5%
Best Male AthleteLance Armstrong
89.8%
Best Male AthleteLance Armstrong
89.8%
Best Male AthleteLance Armstrong
89.8%
Best Male AthleteLance Armstrong
89.8%
Best Male AthleteLebron James
89.8%
Best Male AthleteLebron James
89.8%
Best Male AthleteMichael Jordan
87.4%
Best Male AthleteMichael Phelps
85.2%
Best Male AthleteStephen Curry
75.5%
Outstanding TeamLos Angeles Lakers
73%
Outstanding TeamLos Angeles Lakers
73%
Best Male AthleteMichael Johnson
71.1%
Best Female AthleteSerena Williams
70.8%
Best Breakthrough AthleteTom Brady
68.4%
Outstanding TeamNew York Yankees & Oklahoma Sooners
67%
Outstanding TeamNew York Yankees
66.9%
Outstanding TeamNew York Yankees
66.9%
Best Female AthleteSerena Williams
65.6%
Best Female AthleteVenus Williams
65.4%
Best Male AthleteKevin Durant
65.1%
Outstanding TeamGolden State Warriors
63.6%
Outstanding TeamBoston Celtics
62.3%
Best Breakthrough AthleteLeBron James
62.1%
Outstanding TeamMiami Heat
59.7%
Outstanding TeamMiami Heat
59.7%
Outstanding TeamCleveland Cavaliers
56.8%
Best Male AthleteRussell Westbrook
56.5%
Outstanding TeamBoston Red Sox
55.1%
Best Female AthleteRonda Rousey
53.5%
Category Winner % Correct
Best Female AthleteMia Hamm
52%
Best Female AthleteMia Hamm
52%
Best Female AthleteRonda Rousey
51.7%
Best Male AthleteMark McGwire
51%
Outstanding TeamPittsburgh Steelers
50.9%
Outstanding TeamIndianapolis Colts
50.2%
Best Male AthleteBarry Bonds
48%
Best Male AthleteAlex Ovechkin
47.8%
Best Female AthleteAlex Morgan
45.1%
Outstanding TeamSeattle Seahawks
44.2%
Outstanding TeamUnited States Women's National Soccer Team
44.1%
Best Male AthleteLaDainian Tomlinson
42.9%
Outstanding TeamHouston Astros
42.6%
Outstanding TeamDallas Cowboys
42.4%
Best Male AthleteGiannis Antetokounmpo
41.5%
Best Female AthleteAnnika Sörenstam
36.4%
Best Female AthleteAnnika Sörenstam
36.4%
Best Breakthrough AthleteAdrian Peterson
36.4%
Outstanding TeamDetroit Pistons
34.8%
Best Female AthleteMarion Jones
33.4%
Outstanding TeamDenver Broncos
30.8%
Best Female AthleteCandace Parker
30.6%
Best Male AthleteSteve Young
30.4%
Outstanding TeamNew York Rangers
29.7%
Best Breakthrough AthleteDwyane Wade
29.4%
Best Female AthleteSimone Biles
29.2%
Best Breakthrough AthleteChris Johnson
28.7%
Best Breakthrough AthleteMo'ne Davis
28.1%
Outstanding TeamAnaheim Angels
26.1%
Best Male AthleteCal Ripken, Jr.
25.5%
Best Male AthleteDrew Brees
22.4%
Outstanding TeamNew Orleans Saints
22.2%
Outstanding TeamToronto Blue Jays
22%
Outstanding TeamConnecticut Huskies Women's Basketball
21.7%
Outstanding TeamUnited States Women's National Soccer Team
20%
Best Female AthleteMonica Seles
20%
Category Winner % Correct
Best Breakthrough AthleteSaquon Barkley
19.9%
Best Breakthrough AthleteMatt Ryan
19.6%
Outstanding TeamUnited States Women's National Soccer Team
17.5%
Best Female AthleteLindsey Vonn
17.3%
Best Breakthrough AthleteRandy Moss
16.3%
Best Female AthleteBonnie Blair
15.5%
Best Female AthleteBrittney Griner
15.2%
Best Female AthleteDiana Taurasi
15.2%
Best Female AthleteRebecca Lobo
13.7%
Outstanding TeamDallas Mavericks
13.2%
Best Female AthleteNastia Liukin
13.1%
Best Female AthleteChloe Kim
12.7%
Best Breakthrough AthleteChris Paul
12.1%
Best Female AthleteLindsey Vonn
11.9%
Best Breakthrough AthleteKurt Warner
10.6%
Best Breakthrough AthleteDonovan Mitchell
10.6%
Best Male AthleteDirk Nowitzki
9.7%
Best Breakthrough AthleteDak Prescott
8.6%
Best Female AthleteBreanna Stewart
7.8%
Best Female AthleteChamique Holdsclaw
6.3%
Best Breakthrough AthleteRichard Sherman
5.2%
Best Breakthrough AthleteJeremy Lin
5%
Best Breakthrough AthleteMike Piazza
4.8%
Best Breakthrough AthleteJeff Bagwell
4.6%
Best Breakthrough AthleteBlake Griffin
4.6%
Best Breakthrough AthleteNomar Garciaparra
4.4%
Best Breakthrough AthleteColin Kaepernick
4.1%
Best Breakthrough AthleteDevin Hester
3.1%
Best Breakthrough AthleteJake Arrieta
2.9%
Best Breakthrough AthleteDaunte Culpepper
2.9%
Best Breakthrough AthleteHideo Nomo
2.5%
Best Female AthleteAmy Van Dyken
2%
Best Female AthleteJulie Krone
1.8%
Best Breakthrough AthleteGary Sheffield
1.7%
Best Breakthrough AthleteAlfonso Soriano
1.7%
Best Female AthleteTaryne Mowatt
1.1%

You're not logged in!

Compare scores with friends on all Sporcle quizzes.
OR
Log In

Sporcle TV

Today on Sporcle TV


Watch our educational content, quiz creation guides, and fun videos on Sporcle TV.

Show Comments

Extras

Top Quizzes Today


Score Distribution

Your Account Isn't Verified!

In order to create a playlist on Sporcle, you need to verify the email address you used during registration. Go to your Sporcle Settings to finish the process.

Report this User

Report this user for behavior that violates our Community Guidelines.

Details: